000 005320000a22001570004500
003 MACL
005 20180107130931.0
008 180107b xxu||||| |||| 00| 0 eng d
040 _cmacl
100 _aअग्रवाल ,घमंडीलाल
_969969
245 _aहैलो पापा 101 बाल कविताऍ
260 _aदिल्‍ली
_bदेवलोक प्रकाशन
_c2009
350 _a150
650 _aचिल्‍ड्र्रन बुक
_967889
942 _cHIN
_k741.642
_2ddc
999 _c48099
_d48099